000 01008cab a2200277 4500
001 X1052
008 090401t1993 xxu||||| |||| 00| 0 eng d
035 _a(Sirsi) u14438
041 _aeng
245 _aDartmoor National Park Authority and Wills
260 _c1993
350 _a0
490 _aPlanning Appeal Decisions
_v(1993) 8 PAD 475-468(4)
520 _aInquiry 6 January and 23 February 1993. Decision letter 20 May 1993. Conversion of 3 redundant barns to single dwelling - holiday accommodation - effect on beauty of National Park - adequacy of local highways - structure and local plans - whether barns truly redundant - conditions.
650 _aBARN CONVERSION
650 _aHOLIDAY HOMES
650 _aNATIONAL PARK
650 _aPLANNING APPEAL
650 _aPPG7
650 _aREDUNDANT BARNS
650 _aREDUNDANT FARM BUILDINGS
650 _aTOWN AND COUNTRY PLANNING ACT 1990 S78
690 _aPLANNING LAW AND PRACTICE-CASE LAW
942 _n0
948 _c04/03/1997
999 _c9408
_d9408